Statistiques concernant Les aliments rouges par images

Cliquez ici pour prendre le quiz!

Statistiques générales

  • Ce quiz a été pris 2 479 fois
  • Le résultat moyen est 12 sur 16

Statistiques - réponses

Réponse% Correct
Fraise
100%
Tomate
99%
Vin
99%
Pastèque
98%
Cerise
97%
Pomme
96%
Bacon
95%
Poivron
95%
Grenade
89%
Chorizo
82%
Homard
73%
Paprika
66%
Carpaccio de boeuf
32%
Rouget barbet
24%
Piment de Cayenne
14%
Canneberge
13%

Distribution des résultats

Percentile par nombre de réponses

% des personnes avec chaque résultat

Votre développement - résultats

Vous n’avez pas pris ce quiz